000 00895nac a22002171u 4500
010 _a 2003068972
020 _a0131895095
082 0 0 _a337
_bB18
090 _c1988
_d1988
100 _aBalaam, David N.,
245 1 0 _aIntroduction to international political economy /
_cDavid N. Balaam, Michael Veseth.
250 _a3rd ed.
260 _aUpper Saddle River, NJ :
_bPearson Prentice Hall,2005
_c2005.
300 _axviii, 533 p. ;
_c24 cm.
500 _a"In collaboration with Faculty of the International Political Economy Program, University of Puget Sound."
504 _aIncludes bibliographical references and index.
650 0 _aInternational economic relations.
700 1 _aVeseth, Michael.
942 _cBB
_k337B18
999 _c1988
_d1988